Enciclopedia de la construcción / (Record no. 80276)

MARC details
000 -LEADER
campo de control de longitud fija 00711nam a2200193 i 4500
001 - NÚMERO DE CONTROL
campo de control 80276
003 - IDENTIFICADOR DE NÚMERO DE CONTROL
campo de control ES-MaACL
005 - FECHA Y HORA DE LA ÚLTIMA TRANSACCIÓN
campo de control 20230906174158.0
007 - CAMPO FIJO DE DESCRIPCIÓN FÍSICA--INFORMACIÓN GENERAL
campo de control de longitud fija t|
008 - DATOS DE LONGITUD FIJA--INFORMACIÓN GENERAL
campo de control de longitud fija 041027s1944 sp ||||1| spa d
100 1# - ENTRADA PRINCIPAL--NOMBRE DE PERSONA
Nombre de persona Hidalgo de Caviedes, Rafael.
9 (RLIN) 63586
245 10 - MENCIÓN DEL TÍTULO
Título Enciclopedia de la construcción /
Mención de responsabilidad, etc. por Rafael Hidalgo de Caviedes y Joaquín del Soto Hidalgo ; la parte legislativa y derecho social ha sido revisada por Miguel Muñoz Cuellar.
250 ## - MENCION DE EDICION
Mención de edición 1ª ed.
260 ## - PUBLICACIÓN, DISTRIBUCIÓN, ETC.
Lugar de publicación, distribución, etc. Madrid :
Nombre del editor, distribuidor, etc. Academia Soto-Hidalgo,
Fecha de publicación, distribución, etc. 1944 (
Fabricante Yagües)
300 ## - DESCRIPCIÓN FÍSICA
Extensión 2 v. ;
Dimensiones 25 cm.
700 1# - ENTRADA AGREGADA--NOMBRE PERSONAL
Nombre de persona Soto Hidalgo, Joaquín del.
9 (RLIN) 107520
700 1# - ENTRADA AGREGADA--NOMBRE PERSONAL
Nombre de persona Muñoz Cuéllar, Miguel.
9 (RLIN) 84381
852 ## - LOCALIZACIÓN
Ubicación ES-MaACL
Número de control de estantería B-10196-97
Sublocalización o colección R.21610
Holdings
Estatus retirado Estado de pérdida Estado de daño No para préstamo Colección Biblioteca de origen Biblioteca actual Ubicación en estantería Fecha de adquisición Fuente de adquisición Total de préstamos Signatura topográfica completa Código de barras Visto por última vez Precio de reemplazo Tipo de ítem Koha
        Colección de referencia Biblioteca del Ateneo de Madrid Biblioteca del Ateneo de Madrid Sala Pardo Bazán 17/01/2008     B-10196-97 1083933 23/02/2023 23/02/2023 Libro impreso